Zbijne: Dakoly sobi ľudy pomahaly, dnes' už tak ne je

Bibliographic Details
Main Authors: Kimák-Fejko, Peter (Author), Hribová, Mária, 1937- (Author, Collaborator), Hrib, Štefan, 1932- (Author, Collaborator)
Format: Article
Language:Ukrainian
PhysicalDescription:Fotografie
ISSN:2454-0013
Subjects:

MARC

LEADER 00000nab a2200000 4500
001 vtls011978654
003 SK-MaSNL
005 20260318122202.0
008 200703c2019 xo er|n || ||00 c0ukr
015 |a SNBRB2020/07 
038 |a SVKPOCL 
040 |a SVKPOCL  |b slo  |c SVKPOCL  |e rda 
041 0 |a ukr 
043 |a e-xo--- 
044 |a xo  |c SK 
072 7 |a 316.7  |x Sociológia kultúry. Kultúrny život  |2 konspekt 
072 7 |a 908  |x Štúdium oblastí a lokalít všeobecne  |2 konspekt 
072 7 |a 394  |x Verejný a spoločenský život. Každodenný život  |2 konspekt 
080 |a 316.7  |2 2011 
080 |a 94(437.6)"19"  |2 2011 
080 |a 394  |2 2011 
080 |a 316.728  |2 2011 
080 |a 908  |2 2011 
080 |a (437.6)  |2 2011 
100 1 |a Kimák-Fejko, Peter  |4 aut  |9 1326783 
245 1 0 |a Zbijne: Dakoly sobi ľudy pomahaly, dnes' už tak ne je  |c Petro Kimak-Fejko 
246 3 3 |a Zbijne  |b dakoly sobi ľudy pomahaly, dnes' už tak ne je 
300 |b Fotografie 
336 |a text  |b txt  |2 rdacontent 
337 |a bez média  |b n  |2 rdamedia 
338 |a zväzok  |b nc  |2 rdacarrier 
500 |a V rubrike Čim žўje naše selo 
648 7 |a 1467  |2 svkpocl  |9 1508836 
648 7 |a 1869  |2 svkpocl  |9 567301 
648 7 |a 1960  |2 svkpocl  |9 307314 
648 7 |a 1940  |2 svkpocl  |9 308835 
648 7 |a 1971  |2 svkpocl  |9 337779 
650 0 7 |a regionálne dejiny  |2 SNKPH  |9 63645 
650 0 7 |a štúdium lokalít  |2 svkpocl  |9 1088454 
650 0 7 |a dejiny obcí  |2 SNKPH  |9 164834 
650 0 7 |a kultúrna geografia  |2 SNKPH  |9 839 
650 0 7 |a každodenný život  |2 SNKPH  |9 4946 
650 0 7 |a štatistické zisťovanie  |2 SNKPH  |9 49919 
650 0 7 |a obyvateľstvo  |2 SNKPH  |9 4654 
651 7 |a Slovensko  |2 SNKPHgeo  |9 14231 
651 7 |a Zbojné (Slovensko)  |2 SNKPHgeo  |9 74895 
700 1 |a Hribová, Mária,  |d 1937-  |4 aut  |4 clb  |9 1508837 
700 1 |a Hrib, Štefan,  |d 1932-  |4 aut  |4 clb  |9 1508838 
773 0 |t NN info Rusyn  |g Roč. XVI (28), č. 8 (2019), s. 8  |x 2454-0013 
852 |a SVKPO  |b KIS3GCP 
856 4 2 |y Elektronický archív Info Rusyna je dostupný na: http://www.rusyn.sk 
958 |a RN 
958 |a SS 
958 |a SK 
958 |a BX 
958 |a NM 
958 |a NT 
999 |c 3015684  |d 3017614